000 00870nam a22002297a 4500
003 OSt
005 20260124084917.0
008 230612b ||||| |||| 00| 0 eng d
040 _cSSBUL
041 _ashan
082 _223
_a294.363
100 0 _aၼေႃႇၶမ်း(မိူင်းၵိုင်)၊
_cၸဝ်ႈ။
_925749
245 1 0 _aၸိၼတ်ႉထပၵႃႇသၼီႇလင်ႇၵႃႇလူင်(သိူၵ်ႈပိုၼ်းၽြႃးပဵၼ်ၸဝ်ႈၵေႃးတမ) /
260 _c2013 ။
300 _a186 ၼႃႈ၊
_bပႃးၶႅပ်းႁၢင်ႈ၊
_c26 ၸိၼ်ႇတီႇ။
500 _aS-SAT: Dr. Prof Sai Aung Tun
650 _aသိူၵ်ႈပိုၼ်းၽြႃးပဵၼ်ၸဝ်ႈ
_925750
942 _cBK
942 _2ddc
942 _2ddc
942 _2ddc
999 _c25638
_d25638